书目信息 |
| 题名: |
电脑美术立体设计
|
|
| 作者: | 尹武松 著 | |
| 分册: | ||
| 出版信息: | 北京 北京工艺美术出版社 1998.5 |
|
| 页数: | 176页 | |
| 开本: | 24cm | |
| 丛书名: | 实用电脑美术创作世界丛书 | |
| 单 册: | ||
| 中图分类: | J2-39 | |
| 科图分类: | ||
| 主题词: | 绘画 | |
| 电子资源: | ||
| ISBN: | 7-80526-160-1 | |
| 000 | 00576nam0 2200217 45 | |
| 001 | 0003071595 | |
| 005 | 20040513145431.8 | |
| 010 | @a7-80526-160-1@dCNY26.00 | |
| 100 | @a20000307d1998 km y0chiy0120 ea | |
| 101 | @achi | |
| 105 | @a z 000yy | |
| 200 | 1 | @a电脑美术立体设计@f尹武松著 |
| 210 | @a北京@c北京工艺美术出版社@d1998.5 | |
| 215 | @a176页@d24cm | |
| 225 | @a实用电脑美术创作世界丛书 | |
| 410 | @12001 @a实用电脑美术创作世界丛书 | |
| 606 | 0 | @a绘画 |
| 690 | @aJ2-39@v1 | |
| 701 | @a尹武松@4著 | |
| 801 | @aCN@bTSTC@c20000307 | |
| 905 | @dJ2-39@e7:2@f1@b285682 | |
| 电脑美术立体设计/尹武松著.-北京:北京工艺美术出版社,1998.5 |
| 176页;24cm.-(实用电脑美术创作世界丛书) |
| ISBN 7-80526-160-1:CNY26.00 |
| ● |
| 相关链接 |
|
|
|
|
正题名:电脑美术立体设计
索取号:J2-39/7:2
 
预约/预借
| 序号 | 登录号 | 条形码 | 馆藏地/架位号 | 状态 | 备注 |
| 1 | 0285682 | 002856822 | 第一借阅区/ [索取号:J2-39/7:2] | 在馆 | |
| 2 | 0285683 | 002856831 | 第一借阅区/ [索取号:J2-39/7:2] | 在馆 | |
| 3 | 0285684 | 002856840 | 第一样本阅览室/ [索取号:J2-39/7:2] | 在馆 |